MARC

LEADER 00000nam0a2200000 4500
001 119389
005 20231101215533.0
020 |a RU  |b 85-85291 
035 |a (RuTPU)RU\TPU\book\129218 
090 |a 119389 
100 |a 20070703d1985 k y0rusy5003 ca 
101 0 |a rus 
102 |a RU 
105 |a a z 001zy 
200 1 |a Производство ферросплавов  |f М. А. Рысс 
205 |a 2-е изд., перераб. и доп. 
210 |a Москва  |c Металлургия  |d 1985 
215 |a 344 с.  |c ил. 
320 |a Библиогр.: с. 333-338. 
320 |a Предметный указатель: с. 338-242. 
606 1 |a Ферросплавы  |x Металлургия  |2 stltpush  |3 (RuTPU)RU\TPU\subj\63673  |9 80660 
610 1 |a производство 
610 1 |a ферросилиций 
610 1 |a ферроалюминий 
610 1 |a сплавы кальция 
610 1 |a сплавы марганца 
610 1 |a феррохром 
610 1 |a ферромолибден 
610 1 |a феррованадий 
610 1 |a феррониобий 
675 |a 669.168  |v 3 
700 1 |a Рысс  |b М. А.  |g Марк Абрамович  |4 070 
801 0 |a RU  |b RuMRKP  |c 19950704  |g psbo 
801 1 |a RU  |b 63413507  |c 20070703  |g PSBO 
801 2 |a RU  |b 63413507  |c 20160609  |g PSBO 
942 |c BK